000
00252nam a2200097Ia 4500
001
1000638
005
20250826230355.0
008
250824s9999 xx 000 0 und d
245
0
_a
SÜMBÜLLÜ KÖŞK/M2
_c
BİLGİN ADALI
260
_b
HEP KİTAP YAYINEVİ
999
_c
1000638
_d
1000638